Los ciclos económicos largos (Record no. 44091)

MARC details
000 -LEADER
campo de control de longitud fija 00548nam a2200169 i 4500
001 - NÚMERO DE CONTROL
campo de control 44091
003 - IDENTIFICADOR DE NÚMERO DE CONTROL
campo de control ES-MaACL
005 - FECHA Y HORA DE LA ÚLTIMA TRANSACCIÓN
campo de control 20230906160943.0
007 - CAMPO FIJO DE DESCRIPCIÓN FÍSICA--INFORMACIÓN GENERAL
campo de control de longitud fija t|
008 - DATOS DE LONGITUD FIJA--INFORMACIÓN GENERAL
campo de control de longitud fija 030320s1979 sp ||||1| spa d
245 04 - MENCIÓN DEL TÍTULO
Título Los ciclos económicos largos
Resto del título : ¿una explicación de la crisis? /
Mención de responsabilidad, etc. N. D. Kondratieff ... [et al.]; edición de Manuel P. Izquierdo.
260 ## - PUBLICACIÓN, DISTRIBUCIÓN, ETC.
Lugar de publicación, distribución, etc. [Madrid :
Nombre del editor, distribuidor, etc. Akal,
Fecha de publicación, distribución, etc. 1979]
300 ## - DESCRIPCIÓN FÍSICA
Extensión 224 p. ;
Dimensiones 18 cm.
700 1# - ENTRADA AGREGADA--NOMBRE PERSONAL
Nombre de persona Izquierdo, Manuel P.
9 (RLIN) 65712
700 1# - ENTRADA AGREGADA--NOMBRE PERSONAL
Nombre de persona Kondratieff, N. D.
9 (RLIN) 68545
852 ## - LOCALIZACIÓN
Ubicación ES-MaACL
Número de control de estantería A-10287
Sublocalización o colección R.99561
Holdings
Estatus retirado Estado de pérdida Estado de daño No para préstamo Biblioteca de origen Biblioteca actual Ubicación en estantería Fecha de adquisición Fuente de adquisición Total de préstamos Signatura topográfica completa Código de barras Visto por última vez Precio de reemplazo Tipo de ítem Koha
        Biblioteca del Ateneo de Madrid Biblioteca del Ateneo de Madrid Depósito 1 17/01/2008     A-10287 1046407 23/02/2023 23/02/2023 Libro impreso